<?xml version="1.0" encoding="UTF-8"?><record xmlns="http://www.loc.gov/MARC21/slim" xmlns:zs="http://docs.oasis-open.org/ns/search-ws/sruResponse">
  <leader>01546cz  a2200241n  4500</leader>
  <controlfield tag="001">n  79064629 </controlfield>
  <controlfield tag="003">DLC</controlfield>
  <controlfield tag="005">20231121064545.0</controlfield>
  <controlfield tag="008">790813n| azannaabn          |n aaa      </controlfield>
  <datafield ind1=" " ind2=" " tag="010">
    <subfield code="a">n  79064629 </subfield>
  </datafield>
  <datafield ind1=" " ind2=" " tag="035">
    <subfield code="a">(OCoLC)oca00297560</subfield>
  </datafield>
  <datafield ind1=" " ind2=" " tag="040">
    <subfield code="a">DLC</subfield>
    <subfield code="b">eng</subfield>
    <subfield code="e">rda</subfield>
    <subfield code="c">DLC</subfield>
    <subfield code="d">DLC</subfield>
    <subfield code="d">ScU</subfield>
  </datafield>
  <datafield ind1=" " ind2=" " tag="046">
    <subfield code="f">1938-04-08</subfield>
    <subfield code="2">edtf</subfield>
  </datafield>
  <datafield ind1="1" ind2=" " tag="100">
    <subfield code="a">Barkun, Michael</subfield>
  </datafield>
  <datafield ind1=" " ind2=" " tag="372">
    <subfield code="a">Political science</subfield>
    <subfield code="a">Radicalism</subfield>
    <subfield code="a">Religious fanaticism</subfield>
    <subfield code="2">lcsh</subfield>
  </datafield>
  <datafield ind1=" " ind2=" " tag="373">
    <subfield code="a">Syracuse University</subfield>
    <subfield code="2">naf</subfield>
  </datafield>
  <datafield ind1=" " ind2=" " tag="373">
    <subfield code="a">Northwestern University (Evanston, Ill.)</subfield>
    <subfield code="2">naf</subfield>
    <subfield code="t">1965</subfield>
  </datafield>
  <datafield ind1=" " ind2=" " tag="374">
    <subfield code="a">Political scientists</subfield>
    <subfield code="a">College teachers</subfield>
    <subfield code="2">lcsh</subfield>
  </datafield>
  <datafield ind1=" " ind2=" " tag="377">
    <subfield code="a">eng</subfield>
  </datafield>
  <datafield ind1=" " ind2=" " tag="670">
    <subfield code="a">Author's Law without sanctions, 1968.</subfield>
  </datafield>
  <datafield ind1=" " ind2=" " tag="670">
    <subfield code="a">Millennialism and violence, 1996:</subfield>
    <subfield code="b">CIP t.p. (Michael Barkun) data sheet (b. 04-08-38)</subfield>
  </datafield>
  <datafield ind1=" " ind2=" " tag="670">
    <subfield code="a">Syracuse University web site, November 17, 2023:</subfield>
    <subfield code="b">(Michael Barkun, Professor Emeritus, Political Science Department ; Ph.D., Northwestern University, 1965 ; areas of expertise: Millenarian and utopian movements, radical right, terrorism)</subfield>
    <subfield code="u">https://www.maxwell.syr.edu/directory/michael-barkun</subfield>
  </datafield>
  <datafield ind1=" " ind2=" " tag="670">
    <subfield code="a">Wikipedia web site, November 17, 2023:</subfield>
    <subfield code="b">(Michael Barkun (born April 8, 1938) is an American academic who serves as Professor Emeritus of political science at the Maxwell School of Citizenship and Public Affairs, Syracuse University, specializing in political and religious extremism and the relationship between religion and violence ; occupation: Political scientist ; Barkun has classified conspiracy theories into three kinds...)</subfield>
    <subfield code="u">https://en.wikipedia.org/wiki/Michael_Barkun</subfield>
  </datafield>
</record>
